000 00419nam a2200145Ia 4500
008 220216s9999 xx 000 0 und d
100 _aLegnate H
245 0 _aArtificial pollination and breeding of rubber plants in the Ivory Coast
260 _bRevue Generale des Caoutchous et Plastiques
_c1991
300 _aP99-104
500 _aSource Year: 1992
700 _aDemange Clement A
856 _uATA
942 _cJS
999 _c54492
_d54492